Core python programming (Record no. 199149)

MARC details
000 -LEADER
fixed length control field 00344nam a2200133Ia 4500
005 - DATE AND TIME OF LATEST TRANSACTION
control field 20250411104820.0
008 - FIXED-LENGTH DATA ELEMENTS--GENERAL INFORMATION
fixed length control field 231217s9999 xx 000 0 und d
020 ## - INTERNATIONAL STANDARD BOOK NUMBER
International Standard Book Number 9788178082738
082 ## - DEWEY DECIMAL CLASSIFICATION NUMBER
Classification number 001.6424PYT CHU;11
100 ## - MAIN ENTRY--PERSONAL NAME
Personal name Chun, Wesley J.
245 #0 - TITLE STATEMENT
Title Core python programming
260 ## - PUBLICATION, DISTRIBUTION, ETC. (IMPRINT)
Date of publication, distribution, etc. 2001
Name of publisher, distributor, etc. Addison Wesley
Place of publication, distribution, etc. New Delhi
942 ## - ADDED ENTRY ELEMENTS (KOHA)
Koha item type Books
Holdings
Date last seen Total Checkouts Full call number Accession number Price effective from Category Lost status Damaged status Department Withdrawn status Permanent Location Current Location Shelving location Entry date Grants Currency symbol Conversion rate Discount Discount type
26/01/2024   001.6424PYT CHU;11 92848 26/01/2024 Books     Central Library   Central Library Central Library Central Library 25/10/2019 DONATED RS 1   Rupees

© For any Suggestions or Query, please contact the library staff @ librarian@pes.edu or Phone: +9180 2672 1983/ 2108.